| 000 | 005110000a22001810004500 | ||
|---|---|---|---|
| 003 | MACL | ||
| 005 | 20160120123146.0 | ||
| 008 | 160120b xxu||||| |||| 00| 0 eng d | ||
| 040 |
_aMACL _cMACL |
||
| 041 | _aEnglish | ||
| 082 | _a332.76/MAL | ||
| 100 |
_aMalik, P L _933552 |
||
| 245 |
_aNegotiable Instruments Act 1881 _bwith exhaustive notes on Dishonour of Cheques |
||
| 260 |
_bEastern Book Company _c2000 _aLucknow |
||
| 350 | _a90 | ||
| 650 |
_aFinancial Economics _933553 |
||
| 942 |
_cBK _k332.76/MAL _2ddc |
||
| 999 |
_c31934 _d31934 |
||